• 首页
  • 本馆介绍
  • 公告通知
  • 最新文献
  • 馆藏检索
  • 电子资源
  • 读者导购
  • 参考咨询
  • 我的图书馆
  • 登录
  • 详细信息显示
  • 放入我的书架
  • 预约/预借图书
  • 作者相关作品
  • 分类相关作品
  • 丛书相关作品
  • 出版社相关作品

书目信息

  • 表格格式
  • 工作单格式
  • 卡片格式
题名:
汽车发动机原理
    
 
作者: 王建昕 , 帅石金 主编
分册:  
出版信息: 北京   清华大学出版社  2017.12
页数: 15,375页
开本: 26cm
丛书名:
单 册:
中图分类: U464.01
科图分类:
主题词: 汽车--发动机--高等学校--教材 , 汽车 , 发动机
电子资源:
ISBN: 978-7-302-22029-9
000 01146nam0 2200301 45
001 012001000402
005 20130911140653.0
010    @a978-7-302-22029-9@dCNY48.00
100    @a20110307d2011 em y0chiy50 ea
101 0  @achi
102    @aCN@b110000
105    @aa z 000yy
106    @ar
200 1  @a汽车发动机原理@dAutomotive engine fundamentals@f王建昕,帅石金主编@zeng@Aqi che fa dong ji yuan li
210    @a北京@c清华大学出版社@d2017.12
215    @a15,375页@c彩图@d26cm
300    @a普通高等教育“十一五”国家级规划教材 清华大学汽车工程系列教材
300    @a并列题名:Automotive engine fundamentals
330    @a本书主要介绍了汽车最常用的汽油和柴油发动机的工作原理,包括主要性能指标与运行特性、燃料理化特性与热化学、热功转换与能量利用、换气过程与进气充量、混合气形成于燃烧过程等。
510 1  @aAutomotive engine fundamentals@zeng
606 0  @a汽车@x发动机@x高等学校@j教材
606 0  @a汽车
606 0  @a发动机
690    @aU464.01@v4
701  0 @a王建昕@f(1953~)@4主编@Awang jian xin
701  0 @a帅石金@f(1965.1~)@4主编@Ashuai shi jin
801  0 @aCN@bBJSDL@c20211011
905    @b1335152-5@dU464.01@e1050@f4
    
    汽车发动机原理=Automotive engine fundamentals/王建昕,帅石金主编.-北京:清华大学出版社,2017.12
    15,375页:彩图;26cm
    普通高等教育“十一五”国家级规划教材 清华大学汽车工程系列教材.-并列题名:Automotive engine fundamentals
    
    ISBN 978-7-302-22029-9:CNY48.00
    本书主要介绍了汽车最常用的汽油和柴油发动机的工作原理,包括主要性能指标与运行特性、燃料理化特性与热化学、热功转换与能量利用、换气过程与进气充量、混合气形成于燃烧过程等。
●
相关链接 在E读中查询图书 在五车中查询图书 在当当中查询图书 在豆瓣中查询图书


正题名:汽车发动机原理     索取号:U464.01/1050         预约/预借

序号 登录号 条形码 馆藏地/架位号 状态 备注
1 1335152   213351521   第二样本阅览室/ [索取号:U464.01/1050] 在馆    
2 1335153   213351530   第三借阅区/ [索取号:U464.01/1050] 在馆    
3 1335154   213351549   第三借阅区/ [索取号:U464.01/1050] 在馆    
4 1335155   213351558   第三借阅区/ [索取号:U464.01/1050] 在馆    
欢迎您!
大连网信软件有限公司© 版权所有